=LDR 00000nam 2200000 4500 =001 INLIS000000000014607 =005 20130612105902 =008 ***********************************Ind** =035 ##$$0010-061300000014607 =041 ##$$a Ind =082 ##$$a 658 =090 ##$$a 658, Bat p =100 ##$$a Batttersby, Albert =245 ##$$a penuntun Pengendalian Persediaan, Albert Battersby; Penterjemah, Magdalena Adi Wardana Yamin =260 ##$$a 1970 $b jakarta =300 ##$$a x, 214, ilus, 20 Cm =650 ##$$a Manajeemen =850 ##$$a NBPNMAT